| 000 | 01508cam a2200361 4500 | ||
|---|---|---|---|
| 008 | 090401t2001 xxu||||| |||| 00| 0 eng d | ||
| 020 | _a1902916034 | ||
| 022 | _a14618613 | ||
| 035 | _a(Sirsi) u99682 | ||
| 041 | _aeng | ||
| 100 | _aRidout, B. | ||
| 245 | _aEnglish Heritage research transactions : research and case studies in architectural conservation. Volume 4 : Timber : the EC Woodcare project : studies of the behaviour, interrelationships and management of deathwatch beetles in historic buildings. | ||
| 260 |
_aLondon _bJames & James _c2001 |
||
| 300 |
_axiii,114p. _bill. _c30cm. |
||
| 350 | _a30.00 | ||
| 490 |
_aEnglish Heritage Research Transactions _v4 |
||
| 520 | _aProceedings of the 'Woodcare' conference, held in London on 23 and 24 September 1998, which investigated decay in structural oak timber in historic buildings due to fungus and the deathwatch beetle. Eight of papers included report on the European Commission's woodcare project whilst the remaining three complement and reinforce the project's aims and findings. | ||
| 650 | _aBEETLES | ||
| 650 | _aDEATHWATCH BEETLE | ||
| 650 | _aDECAY | ||
| 650 | _aFUNGI | ||
| 650 | _aHISTORIC BUILDINGS | ||
| 650 | _aINFESTATION | ||
| 650 | _aOAK | ||
| 650 | _aPESTS | ||
| 650 | _aROT | ||
| 650 | _aSTRUCTURAL TIMBER | ||
| 650 | _aTIMBER | ||
| 690 | _aBUILT ENVIRONMENT-BUILDING MAINTENANCE AND REFURBISHMENT-BUILDING CONSERVATION | ||
| 710 |
_aEnglish Heritage _92714 |
||
| 942 | _n0 | ||
| 948 | _c02/02/1999 | ||
| 999 |
_c99441 _d99441 |
||